| 000 | 00497nam a2200157 i 4500 | ||
|---|---|---|---|
| 001 | 84302 | ||
| 003 | ES-MaACL | ||
| 007 | t| | ||
| 008 | 041122s1943 sp ||||1| spa d | ||
| 100 | 1 |
_aIriarte y Arjona, José de. _965448 |
|
| 245 | 1 | 0 |
_aHidraúlica general y máquinas hidraúlicas / _cJosé de Iriarte y Arjona. |
| 250 | _a2ª ed. | ||
| 260 |
_aMadrid : _b[s.n., _c1943] ( _fDiana Artes Gráficas) |
||
| 300 |
_aVII, 328 p., 25 lám. : _bil. ; _c26 cm. |
||
| 852 |
_aES-MaACL _jE-2318 _bR.23948 |
||
| 999 |
_c84302 _d84302 |
||